000 00564nam a2200205Ia 4500
008 220204s9999 xx 000 0 und d
020 _a9781493959655
082 _a581.2:579.887.9
_bDIC
100 _aDickinson, Matt
245 0 _aPhytoplasma: Methods and protocols
260 _aNew York
_bSpringer Science
_c2013
300 _a421p.
490 _aMethods in Molecular Biology 938, Edited by Walker, John M
650 _aDNA extraction
650 _aMicropropagation
650 _aPCR
650 _aRFLP
700 _aHodgetts, Jennifer
942 _cBK
999 _c43229
_d43229